Szczegóły MARC21

Literatura polska w okresie międzywojennym. T. 1 /

003 -Nazwa inst., której nr kontr. jest w polu 001 [,]
    • @
    • Nazwa instytucji, której n kontrolny jest w polu 001
    • NUKAT
005 -DATA I CZAS OSTATNIEJ MODYFIKACJI [,]
    • @
    • pole kontrolne
    • 20241231103542.0
040 -Instytucja sporządzająca opis [ , ]
    • a
    • Instytucja, która sporządziła opis (NP)
    • OLSZT 003/DK
    • c
    • Instytucja, która sporządziła rekord (NP)
    • OLSZT 003/DK
    • d
    • Instytucja, która zmodyfikowała rekord (P)
    • OLSZT 003/DK
    • d
    • Instytucja, która zmodyfikowała rekord (P)
    • WR O/KSs
942 -Rodzaj dokumentu [ , ]
    • c
    • Rodzaj dokumentu
    • Książka
245 -Strefa tytułu i oznaczenia odpowiedzialności [0,0]
    • a
    • Tytuł
    • Literatura polska w okresie międzywojennym. Find
    • n
    • Oznaczenie części (P)
    • T. 1 /
    • c
    • Pozostałe elementy strefy tytułu i oznaczenia odpowiedzialności (NP)
    • zesp. red. Jerzy Kądziela, Jerzy Kwiatkowski, Irena Wyczańska.
260 -Strefa adresu wydawniczego [ , ]
    • a
    • Miejsce wydania (P)
    • Kraków :
    • b
    • Nazwa wydawcy (P)
    • Wydawnictwo Literackie,
    • c
    • Data wydania (P)
    • 1979.
300 -Strefa opisu fizycznego [ , ]
    • a
    • Określenie formy książki i/lub objętość (NP)
    • 459, [1] s., [80] s. tabl. ;
    • c
    • Format (NP)
    • 24 cm.
336 -Typ zawartości [ , ]
    • a
    • Termin opisujący typ zawartości
    • Tekst
    • b
    • Kod określający zawartość
    • txt
    • 2
    • Źródło (terminu i kodu)
    • rdacontent
337 -Typ mediów [ , ]
    • a
    • Tryb odtwarzania
    • Bez urządzenia pośredniczącego
    • b
    • Kod typu mediów
    • n
    • 2
    • Źródło (terminu i kodu)
    • rdamedia
338 -Typ/rodzaj nośnika [ , ]
    • a
    • Hasło opisujące typ nośnika
    • Wolumin
    • b
    • Kod typu nośnika
    • nc
    • 2
    • Źródło (terminu i kodu)
    • rdacarrier
490 -Strefa serii i książki wielotomowej - forma nie do wyszukiwania [1, ]
    • a
    • Tytuł (P)
    • Obraz literatury polskiej XIX i XX wieku / red. naczelna Kazimierz Wyka [et al.] ; Instytut Badań Literackich Polskiej Akademii Nauk. Seria 6 Find
830 -Hasło dodatkowe serii i opisu książki wielotomowej - tytuł ujednolicony/tytuł [ ,0]
    • a
    • Tytuł ujednolicony/tytuł (NP)
    • Obraz literatury polskiej XIX i XX wieku.
    • n
    • Oznaczenie części/podserii/sekcji (P)
    • Seria 6
    • 9
    • KHW
    • 509415
504 -Uwaga dot. bibliogr. załącznikowej [ , ]
    • a
    • Uwaga dot. bibliografii załącznikowej
    • Bibliogr. s. [61]-99 oraz przy pracach.
080 -Uniwersalna Klasyfikacja Dziesiętna [ , ]
    • 2
    • Identyfikator wydania tablic
    • UDC-P058
    • 9
    • UKD
    • 8014
    • a
    • Symbol klasyfikacji
    • 821.162.1(091)
    • b
    • Dopowiedzenie
    • Literatura polska (historia).
    • 4
    • UKD2
    • 9409
    • x
    • Poddział wspólny
    • "1918/1939"
    • c
    • Dopowiedzenie poddz. wspólnego
    • Lata 1918/1939.
650 -Hasło przedmiotowe [ ,7]
    • a
    • Hasło przedmiotowe
    • Literatura polska
    • y
    • Określnik chronologiczny
    • 1918-1939
    • x
    • Określnik rzeczowy
    • historia i krytyka.
    • 2
    • Źródło terminu
    • kaba
    • 9
    • KHW
    • 357039
650 -Hasło przedmiotowe [ ,7]
    • a
    • Hasło przedmiotowe
    • Czasopisma polskie
    • y
    • Określnik chronologiczny
    • 1900-1945
    • x
    • Określnik rzeczowy
    • historia i krytyka.
    • 2
    • Źródło terminu
    • kaba
    • 9
    • KHW
    • 352391
650 -Hasło przedmiotowe [ ,7]
    • a
    • Hasło przedmiotowe
    • Literatura polska
    • y
    • Określnik chronologiczny
    • 1918-1939
    • v
    • Określnik formalny
    • bibliografia.
    • 2
    • Źródło terminu
    • kaba
    • 9
    • KHW
    • 382377
980 -Symbol UKD [ , ]
    • a
    • UKD
    • 821.162.1(091)"1918/1939"
700 -Hasło dodatkowe - nazwa osobowa [1, ]
    • a
    • Nazwa osobowa (NP)
    • Kądziela, Jerzy Find
    • d
    • Daty biograficzne (NP)
    • (1927-1984).
    • e
    • Określenie rodzaju współpracy
    • Red.
    • 9
    • KHW
    • 13816
700 -Hasło dodatkowe - nazwa osobowa [1, ]
    • a
    • Nazwa osobowa (NP)
    • Kwiatkowski, Jerzy Find
    • d
    • Daty biograficzne (NP)
    • (1927-1986).
    • e
    • Określenie rodzaju współpracy
    • Red.
    • 9
    • KHW
    • 17512
700 -Hasło dodatkowe - nazwa osobowa [1, ]
    • a
    • Nazwa osobowa (NP)
    • Wyczańska, Irena. Find
    • e
    • Określenie rodzaju współpracy
    • Red.
    • 9
    • KHW
    • 60440
700 -Hasło dodatkowe - nazwa osobowa [1, ]
    • a
    • Nazwa osobowa (NP)
    • Wyka, Kazimierz Find
    • d
    • Daty biograficzne (NP)
    • (1910-1975).
    • e
    • Określenie rodzaju współpracy
    • Red.
    • 9
    • KHW
    • 13542
710 -Hasło dodatkowe - nazwa ciała zbiorowego [2, ]
    • a
    • Nazwa ciała zbiorowego lub nazwa geograficzna jako pierwszy element (NP)
    • Wydawnictwo Literackie.
    • 4
    • Kod relacji
    • pbl
    • 9
    • KHW
    • 53605
Lokalizacja Data inwentaryzacji Uwagi nie widoczne w OPAC Status udost. Numer inwentarzowy Sygnatura
BG retrokonwersja2Z.35576Z.35576
BG1997-01-01 2W.78914W.1295
BG1997-01-01 2W.78916W.1295
BG2008-05-30 2W.78730W.1295
BG2008-05-30 2W.78731W.1295
BG2008-05-30 2W.78732W.1295
BG2008-05-30 2W.78733W.1295
BG2008-05-30 2W.78734W.1295
BG2008-05-30 2W.78736W.1295
BG2008-05-30 2W.78737W.1295
BG2008-05-30 2W.78738W.1295
BG  2W.78735W.1295
BG1997-01-01 -5W.83424 
BG1997-01-01 -5W.78470 
BG1997-01-01 -5W.78472 
BG  -5W.78729 
BG1997-01-01 1Z.38149 
BG  2W.78918W.1295
BM1997-01-01 1P.1919 POL. Obraz literatury polskiej 12
BM2019-03-29 1Q.899 
BM1997-01-01 -6P.6501 
BM  2P.2172